000 00550 a2200205 4500
005 20260116142250.0
008 260116b |||||||| |||| 00| 0 eng d
020 _a9789369675371
_cRs. 4595.00
040 _aMAIN
082 _a351.072
_bR137P
100 _aRanjan, Kumud
245 _aPublic service leadership and management
260 _bScientific Books International
_c2026
_aNew Delhi
300 _av, 270
650 _aPublic Administration
650 _aLeadership
650 _aManagement
650 _aPublic Service
942 _cBK
999 _c394502
_d394502